Top JetPunk Quizzes - Statistics

General Stats
  • This quiz has been taken 11 times
  • The average score is 3 of 20
Answer Stats
Rank Quiz Number of Takes(mil) % Correct
1. Countries of the World Quiz 35.3
100%
2. US States Quiz 12.7
78%
5. Fast Typing 1 to 100 4.5
22%
4. Fast Typing A to Z 4.5
22%
7. World Capitals Quiz 4
22%
10. 12 Months in 15 Seconds 3.6
11%
8. Europe Map Quiz 3.8
11%
13. U.S. Presidents Quiz 2.7
11%
16. All Country Flags of the World 2.4
0%
11. Countries by Borders in 90 Seconds 2.9
0%
6. Countries by First Two Letters in 90 Seconds 4.4
0%
15. Countries of Europe Quiz 2.6
0%
14. Countries of the World with an Empty Map 2.7
0%
17. Country Flags Quiz #1 2.2
0%
12. Fifty US States in One Minute 2.9
0%
20. NBA Teams Quiz 2
0%
18. Random Capital to Country 2.1
0%
9. United States Map Quiz 3.6
0%
19. US States by Borders in 30 Seconds 2.1
0%
3. World Map without 20 Random Countries 5.8
0%
No matching quizzes found
Score Distribution
Percent of People with Each Score
Percentile by Number Answered
Your Score History
You have not taken this quiz